000
00412nam a2200145Ia 4500
008
100122s9999 xx 000 0 und d
082
_b
15782
_a
823
100
_a
खिरे जयश्री
245
_a
कांचरंग
260
_b
वसुधा पब्लिकेशन्स
_c
1969
300
_a
112
630
_a
कांचरंग
730
_a
कांचरंग
942
_c
BOOK
999
_c
405942
_d
405939